| 000 | 00446nam a2200157 4500 | ||
|---|---|---|---|
| 001 | 122754 | ||
| 003 | ES-MaACL | ||
| 005 | 20230906192033.0 | ||
| 007 | t| | ||
| 008 | 070214s1964 sp r ||||1| spa d | ||
| 100 | 1 |
_aPuigvert, Alfredo. _994309 |
|
| 245 | 1 | 0 |
_aOrganización comercial de la librerÃa / _cAlfredo Puigvert. |
| 260 |
_aMadrid : _bParaninfo, _c1964. |
||
| 300 |
_a225 p. : _bil. ; _c22 cm. |
||
| 852 |
_aES-MaACL _jC-25003 _bR.53985 |
||
| 999 |
_c122754 _d122754 |
||